Diseño de mini acueducto por gravedad MAG, en la comunidad la Parranda, municipio de Jinotega

El estudio presenta la propuesta de Diseño de Mini Acueducto por Gravedad (MAG), en la comunidad La Parranda, municipio de Jinotega, que tiene como objetivo erradicar la necesidad del vital líquido que sufren sus pobladores. Esta comunidad tiene una población actual de 560 habitantes y no se evid...

Full description

Bibliographic Details
Main Authors: Araica Castilblanco, Jhosebet Jadidja, Zeledón Blandón, Harvy José
Other Authors: Tutor: Fajardo González, Ricardo Javier
Format: Tesis Section = Libro
Language:Undetermined
Spanish
Published: Managua UNI/RUACS 2020
Subjects:
LEADER 01309nam a2200289Ia 4500
008 240830s9999 xx 000 0 und d
040 |a BIBLIOTECA-RUPAP Mon 628.72 A659 
041 |a spa 
082 |a Mon 628.72 A659 
100 1 |a Araica Castilblanco, Jhosebet Jadidja 
100 1 |b  Zeledón Blandón, Harvy José 
245 1 0 |a Diseño de mini acueducto por gravedad MAG, en la comunidad la Parranda, municipio de Jinotega 
260 |a Managua  |b UNI/RUACS  |c 2020 
300 |a 71 p. :il. 
500 |a Contiene: anexos y CD. 
502 |a Tesis (Ingeniero Civil)- UNI, 2020. 
520 3 |a El estudio presenta la propuesta de Diseño de Mini Acueducto por Gravedad (MAG), en la comunidad La Parranda, municipio de Jinotega, que tiene como objetivo erradicar la necesidad del vital líquido que sufren sus pobladores. Esta comunidad tiene una población actual de 560 habitantes y no se evidencian datos de un sistema de agua potable en la antigüedad. 
650 7 |a AGUA POTABLE 
650 7 |b AGUA-ABASTECIMIENTO 
650 7 |c ACUEDUCTOS-DISEÑO Y CONSTRUCCION 
650 7 |d CALIDAD DEL AGUA 
650 7 |e CONSUMO DE AGUA 
650 7 |f PLANTA DE TRATAMIENTO DE AGUA POTABLE-DISEÑO 
700 1 |a Tutor:  |b Fajardo González, Ricardo Javier 
942 |c BK  |2 ddc 
991 |a TESIS 
999 |c 16446